| 000 | 00960nam a22003257a 4500 | ||
|---|---|---|---|
| 001 | BR0001278 | ||
| 003 | BR-BrBNA | ||
| 005 | 20230928100613.0 | ||
| 007 | ta | ||
| 008 | 230509b bl.||||| |||| 00| 0 por d | ||
| 040 |
_aBR-BrBNA _bpor _cBiblioteca Nacional de Agricultura |
||
| 041 | _a(Por) | ||
| 072 |
_aL73 _b5200 _b4060 |
||
| 090 | _ 5200 BR0001278 | ||
| 100 | 1 | _aPadilha, T.)ed.) | |
| 110 | 1 |
_aCentro Nacional de Pesquisa de Gado de Leite, Coronel Pacheco, MG (Brasil) _91775 |
|
| 245 | 1 | _aControle dos nematodeos gastrintestinais em ruminantes | |
| 260 | 3 |
_aCoronel Pacheco, MG (Brasil): _c1996. |
|
| 300 | _a258 p. | ||
| 500 | _aSeveral bibliography; 30 illus.; 36 tables | ||
| 650 | _aRuminante | ||
| 650 | _aNematoide | ||
| 650 | _aVerminose | ||
| 650 | _aAnti-Helmintico | ||
| 650 | _aResistencia a Produtos Quimicos | ||
| 650 | _aVacina | ||
| 650 | _aControle Integrado | ||
| 909 |
_a202309 _bLucia _c55 _dLucia Elande |
||
| 942 | _cBK | ||
| 999 |
_c61999 _d61999 |
||